|
|
|
|
| LEADER |
01000caa a2200265 c 4500 |
| 001 |
OLC1938833813 |
| 003 |
DE-627 |
| 005 |
20241218154938.0 |
| 007 |
tu |
| 008 |
140314s2012 xx ||||| 00| ||und c |
| 028 |
5 |
2 |
|a cubl1403
|
| 035 |
|
|
|a (DE-627)OLC1938833813
|
| 035 |
|
|
|a (DE-599)GBVOLC1938833813
|
| 040 |
|
|
|a DE-627
|b ger
|c DE-627
|e rakwb
|
| 082 |
0 |
4 |
|a 050
|a 070
|a 791
|
| 082 |
0 |
4 |
|a 070
|q AVZ
|
| 082 |
0 |
4 |
|a 070
|q VZ
|
| 084 |
|
|
|a 3,5
|a 24,1
|2 ssgn
|
| 084 |
|
|
|a AP 10100
|a AP 10100
|q VZ
|2 rvk
|0 (DE-625)rvk/6850:
|
| 084 |
|
|
|a 05.01
|2 bkl
|
| 084 |
|
|
|a 05.20
|2 bkl
|
| 084 |
|
|
|a 06.21
|2 bkl
|
| 084 |
|
|
|a 06.30
|2 bkl
|
| 084 |
|
|
|a 73.94
|2 bkl
|
| 100 |
1 |
|
|a Wilke, Jürgen
|e verfasserin
|4 aut
|
| 245 |
1 |
0 |
|a Vogel, Meike: Unruhe im Fernsehen (Rezension)
|
| 264 |
|
1 |
|c 2012
|
| 336 |
|
|
|a Text
|b txt
|2 rdacontent
|
| 337 |
|
|
|a ohne Hilfsmittel zu benutzen
|b n
|2 rdamedia
|
| 338 |
|
|
|a Band
|b nc
|2 rdacarrier
|
| 773 |
0 |
8 |
|i Enthalten in
|t Jahrbuch für Kommunikationsgeschichte
|d Stuttgart : Steiner, 1999
|g 14(2012), /p253-255
|w (DE-627)303412895
|w (DE-600)1495566-0
|w (DE-576)088705048
|x 1438-4485
|7 nnas
|
| 773 |
1 |
8 |
|g volume:14
|g year:2012
|g number:/p253-255
|
| 912 |
|
|
|a GBV_USEFLAG_A
|
| 912 |
|
|
|a SYSFLAG_A
|
| 912 |
|
|
|a GBV_OLC
|
| 912 |
|
|
|a SSG-OLC-MKW
|
| 912 |
|
|
|a SSG-OLC-BUB
|
| 912 |
|
|
|a SSG-OPC-BBI
|
| 912 |
|
|
|a SSG-OPC-MBF
|
| 912 |
|
|
|a GBV_ILN_11
|
| 912 |
|
|
|a GBV_ILN_21
|
| 912 |
|
|
|a GBV_ILN_22
|
| 912 |
|
|
|a GBV_ILN_39
|
| 912 |
|
|
|a GBV_ILN_40
|
| 912 |
|
|
|a GBV_ILN_50
|
| 912 |
|
|
|a GBV_ILN_61
|
| 912 |
|
|
|a GBV_ILN_63
|
| 912 |
|
|
|a GBV_ILN_65
|
| 912 |
|
|
|a GBV_ILN_70
|
| 912 |
|
|
|a GBV_ILN_72
|
| 912 |
|
|
|a GBV_ILN_110
|
| 912 |
|
|
|a GBV_ILN_120
|
| 912 |
|
|
|a GBV_ILN_121
|
| 912 |
|
|
|a GBV_ILN_213
|
| 912 |
|
|
|a GBV_ILN_350
|
| 912 |
|
|
|a GBV_ILN_2001
|
| 912 |
|
|
|a GBV_ILN_2003
|
| 912 |
|
|
|a GBV_ILN_2005
|
| 912 |
|
|
|a GBV_ILN_2008
|
| 912 |
|
|
|a GBV_ILN_2009
|
| 912 |
|
|
|a GBV_ILN_2010
|
| 912 |
|
|
|a GBV_ILN_2011
|
| 912 |
|
|
|a GBV_ILN_2018
|
| 912 |
|
|
|a GBV_ILN_2043
|
| 912 |
|
|
|a GBV_ILN_2477
|
| 912 |
|
|
|a GBV_ILN_2505
|
| 912 |
|
|
|a GBV_ILN_4012
|
| 912 |
|
|
|a GBV_ILN_4027
|
| 912 |
|
|
|a GBV_ILN_4028
|
| 912 |
|
|
|a GBV_ILN_4035
|
| 912 |
|
|
|a GBV_ILN_4037
|
| 912 |
|
|
|a GBV_ILN_4112
|
| 912 |
|
|
|a GBV_ILN_4125
|
| 912 |
|
|
|a GBV_ILN_4126
|
| 912 |
|
|
|a GBV_ILN_4277
|
| 912 |
|
|
|a GBV_ILN_4305
|
| 912 |
|
|
|a GBV_ILN_4310
|
| 912 |
|
|
|a GBV_ILN_4311
|
| 912 |
|
|
|a GBV_ILN_4316
|
| 912 |
|
|
|a GBV_ILN_4317
|
| 912 |
|
|
|a GBV_ILN_4319
|
| 912 |
|
|
|a GBV_ILN_4322
|
| 912 |
|
|
|a GBV_ILN_4325
|
| 936 |
r |
v |
|a AP 10100
|b Zeitschriften, Jahrbücher
|k Allgemeines
|k Medien- und Kommunikationswissenschaften, Medienkulturwissenschaft, Kommunikationsdesign
|k Bibliografien und Sammelschriften
|k Allgemeines
|k Medien- und Kommunikationswissenschaften, Medienkulturwissenschaft, Kommunikationsdesign
|k Bibliografien und Sammelschriften
|k Zeitschriften, Jahrbücher
|0 (DE-625)rvk/6850:
|0 (DE-576)203354966
|
| 936 |
b |
k |
|a 05.01
|j Geschichte der Kommunikationswissenschaft
|j Geschichte der Kommunikationswissenschaft
|q VZ
|
| 936 |
b |
k |
|a 05.20
|j Kommunikation und Gesellschaft
|j Kommunikation und Gesellschaft
|q VZ
|
| 936 |
b |
k |
|a 06.21
|j Buchgeschichte
|j Buchgeschichte
|q VZ
|
| 936 |
b |
k |
|a 06.30
|j Bibliothekswesen
|j Dokumentationswesen: Allgemeines
|j Bibliothekswesen
|j Dokumentationswesen: Allgemeines
|q VZ
|
| 936 |
b |
k |
|a 73.94
|j Volkswissen
|j Kulturtechniken
|j Volkswissen
|j Kulturtechniken
|x Volkskunde
|q VZ
|
| 951 |
|
|
|a AR
|
| 952 |
|
|
|d 14
|j 2012
|e /p253-255
|